000 00633 a2200193 4500
999 _c32102
_d32102
003 OSt
005 20260121150141.0
008 260121b ||||| |||| 00| 0 eng d
020 _a978-1-003-86360-1
040 _c.
082 _a387.50934
_bR1619
100 _96530
_aRaju, Adluri Subramanyam
_eEditor
245 _aThe Routledge Handbook of Maritime India History, Strategy, and Engagement
_cby Adluri Subramanyam Raju and R. Srinivasan
260 _bRoutledge Taylor & Francis Group,
_aLondon :
_c2025.
300 _a416 p.
650 0 _95363
_aMarine Transportation
700 _96531
_aSrinivasan, R.
_eEditor
942 _2ddc
_cBK